Французские каникулы: Роман; пер. с англ.

Sonraí bibleagrafaíochta
Príomhchruthaitheoir: Стил Д. Даниэла
Teanga:Rúisis
Foilsithe / Cruthaithe: Москва, Эксмо, 2004
Ábhair:
Formáid: LEABHAR
KOHA link:https://koha.lib.tpu.ru/cgi-bin/koha/opac-detail.pl?biblionumber=67074

MARC

LEADER 00000nam0a2200000 4500
001 67074
005 20231031073322.0
010 |a 5699022465 
035 |a (RuTPU)RU\TPU\book\71433 
090 |a 67074 
100 |a 20040913d2004 m y0rusy50 ca 
101 1 |a rus  |c eng 
102 |a RU 
105 |a y z 000ay 
200 1 |a Французские каникулы  |e Роман  |e пер. с англ.  |f Д. Стил 
210 |a Москва  |c Эксмо  |d 2004 
215 |a 378 с. 
610 1 |a американская литература 
610 1 |a романы 
610 1 |a любовные романы 
675 |a 82  |v 3 
700 1 |a Стил  |b Д.  |g Даниэла 
801 1 |a RU  |b 63413507  |c 20040913  |g PSBO 
801 2 |a RU  |b 63413507  |c 20040929  |g PSBO 
942 |c BK